Statistiques concernant Les Républiques Françaises

Cliquez ici pour prendre le quiz!

Statistiques générales

  • Ce quiz a été pris 133 fois
  • Le résultat moyen est 4 sur 5

Statistiques - réponses

RépubliqueDates% Correct
Cinquième République1958
94%
Quatrième République1946
89%
Seconde République1848
88%
Première République1792
86%
Troisième République1870
84%

Distribution des résultats

Percentile par nombre de réponses

% des personnes avec chaque résultat

Votre développement - résultats

Vous n’avez pas pris ce quiz